[Event "Interzonal-16"]
[Site "Biel"]
[Date "1993.??.??"]
[Round "7"]
[White "Ftacnik, Lubomir"]
[Black "Agdestein, Simen"]
[Result "1-0"]
[WhiteElo "2535"]
[BlackElo "2610"]
[Annotator "Ftacnik,L"]
[PlyCount "80"]
[EventDate "1993.07.16"]
[EventType "swiss"]
[EventRounds "13"]
[EventCountry "SUI"]
[SourceTitle "CBM 037"]
[Source "ChessBase"]
[SourceDate "1993.12.01"]
[SourceVersion "1"]
[SourceVersionDate "1993.12.01"]
[SourceQuality "1"]

1. d4 e6 2. Nf3 f5 3. g3 Nf6 4. Bg2 d5 5. O-O Bd6 6. c4 O-O (6... c6 7. b3 Qe7)
7. b3 a5 $5 (7... c6 8. Ba3 Bxa3 9. Nxa3 $14) (7... b6 8. Qc2 Qe7 9. Ne5 Bb7
10. Bf4 Nh5 11. Bd2 Nd7 12. Nxd7 Qxd7 13. Nc3 c6 14. Na4 Be7 15. Rad1 Rac8 16.
Nb2 Rfd8 17. Nd3 Qe8 18. a4 Nf6 19. Bf4 c5 20. dxc5 bxc5 21. Be5 Ne4 22. f3 Nf6
23. Nf4 Qf7 24. e3 $14 {Karpov,A-Karlsson,L/Haninge (10)/1990/}) 8. Ba3 (8. Nc3
c6 9. Bb2 Nbd7 10. e3 Ne4 11. Ne2 b6 12. Ne5 Bb7 13. Nf4 Qe7 14. f3 Nef6 15.
Rc1 Rac8 16. Re1 Rfd8 17. Qe2 c5 18. Kh1 Bb8 19. Nxd7 Nxd7 20. dxc5 Nxc5 21.
Ba3 dxc4 22. Qxc4 Bxf4 23. Qxf4 Rd2 24. e4 {0.5/Hansen,LB-Karlsson,L/Nordic zt
(02)/1992/}) 8... Nc6 (8... Bb4 9. Bb2 {/\ c5}) 9. Bxd6 cxd6 $5 (9... Qxd6 10.
Nc3 b6 (10... dxc4 11. bxc4 Qb4 12. Qd3 $14) 11. Rc1 $13) 10. Nc3 (10. cxd5
Nxd5 11. Qd2 b5 $10) 10... dxc4 11. bxc4 e5 12. Rb1 (12. dxe5 dxe5 13. Nd5 e4
$1 $132) (12. d5 Nb4 {xc5}) (12. e3 e4 13. Nd2 d5 14. cxd5 (14. Rb1 $14) 14...
Nxd5 15. Qb3 Nce7 16. f3 exf3 17. Bxf3 Be6 $13) 12... e4 (12... exd4 13. Nxd4
Nxd4 14. Qxd4 $14) 13. Nd2 Rb8 (13... Nxd4 14. Ndxe4 Nxe2+ 15. Qxe2 fxe4 16.
Nxe4 Rb8 17. Rfd1 $14) (13... e3 14. fxe3 Qe7 15. Nd5 Nxd5 16. Bxd5+ Kh8 17.
Qb3 $16) (13... d5 14. e3 $14) 14. e3 Kh8 $6 (14... d5 15. Nxd5 Nxd5 16. cxd5
Qxd5 17. f3 exf3 18. Bxf3 $14) (14... Bd7 15. f3 exf3 16. Qxf3 Qe7 $10) 15. f3
exf3 16. Qxf3 Bd7 (16... Qe7 17. Nb5 Re8 18. Rfe1 Nb4 19. e4 fxe4 20. Nxe4 Nc2
21. Rf1 Bg4 22. Qc3 Nxe4 23. Qxc2 $14) 17. Nb5 Qe7 (17... Nb4 18. Nxd6 Bc6 19.
Qf4 Nd3 $140 20. Qxf5) 18. e4 (18. Qf4 Nh5 (18... Nb4 19. Rb3 Bxb5 20. cxb5
Nxa2 21. Qxf5 $14) 19. Qxd6 Qxe3+ 20. Rf2 Rbd8 21. Rb3 (21. Nf1 Qd3) 21... Qe1+
22. Nf1 f4 23. Qc5 Bg4 $13) 18... Nb4 (18... fxe4 19. Nxe4 Bg4 $1 20. Qf4 (20.
Qd3 $5 Nb4 21. Rxb4 axb4 22. Nexd6 $44) 20... Be2 21. Rfe1 Nxe4 22. Qxe4 Qxe4
23. Bxe4 Bxc4 24. Nxd6 Bxa2 25. Rb2 (25. Rxb7 Nxd4 26. Ra7 Rb2 27. Rxa5 $10)
25... Bg8 26. Rd1 b6 27. Bxc6 Rf6 28. Nb7 Rxc6 29. Nxa5 Rc3 30. Rdb1 Rd8 31.
Rxb6 Rxd4 32. Nc6 Rd2 33. Ne7 $10) 19. exf5 d5 (19... Bc6 $5 20. Qb3 (20. Qf4
$2 Nd3 21. Qxd6 Qe3+ $19) (20. d5 Nfxd5 21. Rfe1 Qd7 22. cxd5 Bxb5 23. Re6 $14)
20... d5 21. a4 $14) (19... Nxa2 20. Rfe1 Qd8 21. Nxd6 Bc6 22. Qf4 $16) 20. a4
(20. Rfe1 Qd8 21. a4 dxc4 22. Nxc4 Bxb5 23. axb5 Qxd4+ $13) 20... dxc4 21. Nxc4
Nfd5 (21... Bc6 22. Qe3 (22. Qb3 Bxg2 23. Kxg2 Qe4+ 24. Kg1 b6 $14) 22... Qxe3+
23. Nxe3 Rbe8 24. Rb3 $14) 22. Rbe1 Qf6 (22... Qd8 23. Re5 Bc6 24. Qb3 $16) 23.
Re5 Bxb5 (23... Bc6 24. Nxa5 Ra8 25. Nxc6 bxc6 26. Nc3 Nxc3 27. Qxc3 Rxa4 28.
Qb3 $16) (23... Nb6 24. Nxb6 Qxb6 25. Rd1 $16) 24. axb5 Rbc8 25. Ne3 (25. Rxd5
$2 Nxd5 26. Qxd5 Rfd8 27. Qe5 Rxc4 28. Qxf6 gxf6 29. Bxb7 Rcxd4 $17) (25. Nxa5
Qb6 26. Rxd5 (26. Nb3 Rc3 27. Qd1 Rxb3 $1) 26... Nxd5 27. Qxd5 Qxa5 28. Qxb7
Rb8 $14) 25... Nc3 (25... Nxe3 26. Qxe3 $16) 26. Qxb7 $6 (26. Ng4 $1 Qb6 (26...
Qd6 27. Kh1 Nc2 28. Qxb7 (28. f6 gxf6 29. Nxf6 Nxd4 30. Qxb7 Rc7 31. Ne8 Rxf1+
32. Bxf1 Qf8 33. Qg2 Rc8 34. Bd3 Nd1 (34... Rxe8 $2 35. Qb7 $18) 35. Qd5 Nf2+
36. Kg2 Rd8 $1 $19) 28... Nxd4 29. f6 Rc7 30. Qa6 $1 Ncxb5 $140 31. Qxd6 Nxd6
32. fxg7+ Kxg7 33. Rg5+ $18) 27. Kh1 Qxd4 (27... Nxb5 28. f6 gxf6 29. Re7 Nc6
30. Rxh7+ Kxh7 31. Qf5+ Kg7 32. Nxf6 $18) 28. Re7 Nxb5 29. f6 $1 $16) 26... Rb8
(26... Ne2+ 27. Kh1 Nxd4 28. Ng4 Qg5 29. f6 Qxg4 30. Re7 Ne6 31. Qd7 $16) 27.
Qa7 (27. Qd7 Rfd8 28. Qe6 Ne2+ 29. Kh1 Nxd4) 27... Nxb5 28. Qxa5 Nxd4 29. Ng4
Qf7 $6 (29... Qg5 30. f6 $140 Qxg4 31. Rg5 Nf3+ $1 32. Rxf3 Qd4+ 33. Kh1 Rxf6
$10) (29... Qb6 30. Qxb6 Rxb6 $14) 30. Qc5 Nb3 31. Qe3 Nc2 (31... Qc4 32. f6
gxf6 33. Nxf6 $16 Qd4) (31... h5 $2 32. f6 hxg4 33. Re7 Rfe8 34. fxg7+ $18) 32.
Qg5 Qc4 (32... h6 33. Qh4 Qa7+ 34. Kh1 Nd2 35. Re7 Qa6 36. f6 $18) 33. Re7 Qd4+
(33... Rf7 34. Rxf7 Qxf7 35. f6 $16) 34. Kh1 Rbe8 35. Ne5 (35. Rc7 Rc8 36. Rxc8
Rxc8 37. f6 gxf6 38. Nxf6 $16 Ne3) (35. f6 $1 Rxe7 36. fxe7 Rxf1+ 37. Bxf1 Qe4+
38. Kg1 $18) 35... Rxe7 36. Qxe7 Qc5 37. Qxc5 $4 $138 (37. f6 gxf6 38. Nf7+ Kg8
39. Qxf6 $18) (37. Qe6 Nbd4 (37... Qc7 38. Qxb3 Qxe5 39. Qxc2 $18) 38. Nf7+
Rxf7 (38... Kg8 39. Nh6+ Kh8 40. Qg8+ Rxg8 41. Nf7#) 39. Qxf7 $18) 37... Nxc5
38. Rc1 Re8 (38... Rxf5 $10) 39. Nf7+ Kg8 40. Bd5 Re1+ $138 (40... Re1+ 41.
Rxe1 Nxe1 $14) 1-0

[Event "Biel SKA"]
[Site "Biel"]
[Date "1991.??.??"]
[Round "4"]
[White "Kozul, Zdenko"]
[Black "Bareev, Evgeny"]
[Result "1-0"]
[WhiteElo "2560"]
[BlackElo "2680"]
[Annotator "Ftacnik,L"]
[PlyCount "55"]
[EventDate "1991.07.??"]
[EventType "tourn"]
[EventRounds "14"]
[EventCountry "SUI"]
[EventCategory "15"]
[SourceTitle "CBM 025"]
[Source "ChessBase"]
[SourceDate "1991.12.01"]
[SourceVersion "1"]
[SourceVersionDate "1991.12.01"]
[SourceQuality "1"]

1. d4 e6 2. c4 f5 3. g3 Nf6 4. Bg2 c6 5. Nh3 d5 6. O-O Bd6 (6... Be7) 7. Bf4
Be7 $6 (7... O-O 8. Bxd6 Qxd6 9. Nd2 $14) 8. Nd2 O-O 9. Qc2 h6 $6 (9... Na6 $5)
10. Bxb8 $1 Rxb8 11. Nf4 Bd6 (11... dxc4 12. Qxc4 Nd5 13. Nd3 $14) 12. Nd3 Bd7
13. Nf3 Be8 (13... a5 14. c5 Bc7 15. Nfe5 Be8 16. a3 $16) 14. b4 g5 15. a4 a6
16. Nfe5 Qe7 17. c5 Bc7 18. b5 $1 cxb5 19. axb5 Bxb5 (19... axb5 20. Ra7 Kg7
21. Rc1 $36) 20. Ng6 Qg7 21. Nxf8 Rxf8 22. Rfb1 f4 $6 (22... Qd7 $1 $14) 23. c6
$1 bxc6 (23... Bxc6 24. Rxa6 $1 bxa6 25. Qxc6 Qd7 26. Qxa6 $16) 24. Rxb5 $1
axb5 (24... cxb5 25. Rxa6 Qe7 26. Nc5 Bd6 27. Qg6+ $16) 25. Ra7 Ne8 (25... Qd7
26. Nc5 Qc8 27. Qg6+) 26. Qxc6 Qxd4 (26... Qe7 27. Nc5 Rf6 28. Nxe6 Rxe6 29.
Bxd5 Kf7 30. Bxe6+ Qxe6 31. Rxc7+ Nxc7 32. Qxc7+ $16) 27. Qxe6+ Kg7 28. Bxd5 $1
{Ftacnik,L} (28. Bxd5 $1 Qxa7 29. Qe7+ Kg6 30. Qxf8 Qa1+ 31. Kg2 Nf6 32. Qf7+
Kf5 33. Be6+ Ke4 34. Qg6+ Kd4 35. Qxf6+ $18) 1-0

[Event "Belgrade GMA op"]
[Site "Belgrade"]
[Date "1988.??.??"]
[Round "?"]
[White "Shneider, Aleksandr"]
[Black "Dolmatov, Sergey"]
[Result "1-0"]
[WhiteElo "2465"]
[BlackElo "2550"]
[Annotator "Ftacnik,L"]
[PlyCount "117"]
[EventDate "1988.12.??"]
[EventType "swiss"]
[EventRounds "9"]
[EventCountry "YUG"]
[SourceTitle "TD"]
[Source "ChessBase"]
[SourceDate "1994.03.01"]
[SourceVersion "1"]
[SourceVersionDate "1994.03.01"]
[SourceQuality "1"]

1. d4 e6 2. c4 f5 3. Nf3 Nf6 4. g3 d5 5. Bg2 c6 6. O-O Bd6 7. b3 Qe7 8. Ne5 O-O
9. Bf4 Nbd7 10. Nd2 $5 (10. Nd3 Bxf4 11. Nxf4 dxc4 12. bxc4 e5 $10) 10... Bxe5
11. dxe5 Ne4 12. Nxe4 fxe4 13. Qc1 $1 b6 14. cxd5 cxd5 15. Qc6 Ba6 16. Bh3 Rae8
$6 (16... Rfe8 $14) 17. Rfe1 h6 18. Qa4 Nc5 19. Qa3 Bb5 20. Be3 Na6 21. Qxe7
Rxe7 22. a4 Be8 23. a5 b5 24. b4 $1 $16 Kf7 25. Rab1 Rb7 26. f3 exf3 27. exf3
Bd7 28. Rec1 Rc8 29. Rxc8 Bxc8 30. Rc1 Bd7 31. Bd2 g5 32. Bf1 Nb8 33. f4 gxf4
34. gxf4 Nc6 35. Bd3 Rb8 36. Kf2 a6 37. Rg1 Rg8 38. Rg3 Rxg3 39. hxg3 h5 40.
Ke3 Be8 41. Bc3 d4+ 42. Bxd4 Nxb4 43. Be2 Kg6 44. Bc5 Nc6 45. Bb6 Kf5 46. g4+
Kg6 47. gxh5+ Kh6 48. Bf3 Nb4 49. Bc5 Nc6 50. Bf8+ Kh7 51. Be4+ Kg8 52. Bxc6
Bxc6 53. Bb4 Kg7 54. Kd4 Kh6 55. Kc5 Be4 56. Kb6 Kxh5 57. Kxa6 Kg4 58. Kxb5
Kxf4 59. Bd6 1-0

[Event "Voskresensk"]
[Site "Voskresensk"]
[Date "1993.??.??"]
[Round "?"]
[White "Aleksandrov, Aleksej"]
[Black "Gleizerov, Evgeny"]
[Result "1-0"]
[WhiteElo "2530"]
[BlackElo "2525"]
[Annotator "Glatman,V"]
[PlyCount "149"]
[EventDate "1993.??.??"]
[EventType "tourn"]
[EventRounds "11"]
[EventCountry "RUS"]
[EventCategory "9"]
[SourceTitle "CBM 038"]
[Source "ChessBase"]
[SourceDate "1994.02.01"]
[SourceVersion "1"]
[SourceVersionDate "1994.02.01"]
[SourceQuality "1"]

1. d4 e6 2. c4 f5 3. g3 Nf6 4. Bg2 c6 5. Nh3 d5 6. O-O Bd6 7. Bf4 O-O (7... Be7
8. Bg5 $5 O-O 9. Nf4 h6 10. Bxf6 Bxf6 11. e3 Qe8 12. Nd2 a5 13. Rc1 Be7 14. Nd3
Nd7 15. c5 $14 {Ulibin,M-Psakhis,L Chalkidiki 1992 Inf 56/107/}) 8. Nd2 (8. Qb3
Be7 $1 9. Na3 h6 10. Rad1 g5 11. Bd2 a5 $1 $13 {Bareev,E-Vaiser,A Pula 1988
Inf 45/113/}) 8... Be7 9. Qc2 Na6 $1 $146 (9... h6 10. Bxb8 $1 Rxb8 11. Nf4 Bd6
12. Nd3 Bd7 13. Nf3 Be8 14. b4 g5 15. a4 a6 16. Nfe5 $14 {Kozul,Z-Bareev,E
Biel 1991/}) 10. Rfd1 h6 $1 11. a3 g5 12. Be5 Ng4 $1 $10 13. b4 Bd7 14. b5 $6 (
14. Qb3 Be8 15. f4 (15. f3 $6 Nxe5 16. dxe5 f4 $15) 15... Bh5 $10) 14... Nc5 $1
15. bxc6 bxc6 16. Nf3 (16. dxc5 Nxe5 $15) (16. Rdb1 Nxe5 17. dxe5 Qc7 $15)
16... Ne4 $15 17. Rdb1 Nd6 18. Bxd6 (18. Nd2 $6 Nxe5 19. dxe5 Nf7 $17) 18...
Bxd6 19. Ne1 (19. Rb7 $6 Bc8 20. Rb2 Ba6 $17) 19... Qa5 20. Nd3 Rab8 21. c5 Be7
(21... Bc7 $6 22. Nb4 $16) 22. Rxb8 Rxb8 23. Rb1 Qc7 24. f4 $8 gxf4 25. gxf4
Bh4 $1 26. Qc1 Be8 27. Bf3 (27. Rxb8 Qxb8 28. Nhf2 Nxf2 29. Nxf2 Qb3 $17) 27...
Rxb1 28. Qxb1 Qg7 29. Qb8 $1 (29. Qb2 Nxh2+ 30. Kh1 Nxf3 31. exf3 Bh5 $19)
29... Kh7 $6 (29... Qxd4+ 30. Kg2 Nf6 (30... Ne3+ 31. Kh1 Qa1+ 32. Ng1 $13) 31.
Bh5 Qe4+ 32. Bf3 Qe3 33. Bh5 $10) (29... Nxh2+ 30. Kh1 $1 Kf8 31. Bh5 $18) 30.
Qxe8 $1 Nf6+ 31. Ng5+ $1 Qxg5+ (31... hxg5 32. Qxe6 gxf4+ 33. Kf1 Qg5 34. Ne5
$16) 32. fxg5 Nxe8 33. gxh6 Nc7 $6 (33... Bf6 $5 34. e3 a5 $14) 34. Ne5 Bg5 35.
Kf2 Bh4+ 36. Kf1 Bg5 37. Kf2 Bh4+ 38. Ke3 Bg5+ 39. Kd3 Bf4 40. Nxc6 Bxh2 (40...
a6 $5 41. h4 Kxh6 42. h5 Kg5 $16) 41. Nxa7 Kxh6 42. a4 Kg5 43. Nc6 Kf6 44. Kc3
Bg3 45. Kb4 Be1+ 46. Kb3 Bf2 47. a5 f4 $6 (47... Kf7 $5) 48. Ka4 Kf5 49. Na7 $1
Kf6 (49... Bxd4 50. Nb5 Be5 51. Nxc7 Bxc7 52. a6 Bb8 53. c6 $18) 50. Nb5 Na6
51. c6 Ke7 52. Bg4 $18 Kd8 53. Bxe6 Nc7 54. Nxc7 Kxc7 55. Bxd5 Bxd4 56. Kb4 Be3
57. Kc3 Kd6 58. Kd3 Bc1 59. Ke4 Bd2 60. a6 Be3 61. Kf5 Kc7 62. Ke5 $22 Bg1 63.
Kxf4 Kb6 64. Kf5 Bh2 65. Bc4 Kxc6 66. e4 Bg1 67. Kf6 Bd4+ 68. e5 Kc7 69. Ke6
Bc3 70. Kd5 Bb4 71. Bb5 Kb6 72. Ke6 $1 Bc5 73. Bd3 Bd4 74. Kd6 Bc5+ 75. Kd7 1-0

[Event "Women-Veterans"]
[Site "London"]
[Date "1996.??.??"]
[Round "8"]
[White "Cramling, Pia"]
[Black "Hort, Vlastimil"]
[Result "1-0"]
[WhiteElo "2545"]
[BlackElo "2545"]
[Annotator "Hansen,Cu"]
[PlyCount "129"]
[EventDate "1996.08.15"]
[EventType "schev"]
[EventRounds "5"]
[EventCountry "ENG"]
[SourceTitle "CBM 055"]
[Source "ChessBase"]
[SourceDate "1996.12.01"]
[SourceVersion "1"]
[SourceVersionDate "1996.12.01"]
[SourceQuality "1"]

1. d4 f5 2. g3 Nf6 3. Bg2 e6 4. c4 Bb4+ 5. Nd2 O-O 6. Ngf3 b6 7. Ne5 {[%cal
Rg2a8]} Ne4 8. O-O Bxd2 9. Bxd2 Bb7 {Black has managed to get a reasonably
normal position from his somewhat unusual opening} 10. Be3 Qe8 11. Qc2 d6 12.
Nd3 Nc6 (12... Nd7 $5) 13. d5 Nd8 14. dxe6 Nxe6 {[%csl Ge4]} 15. Nb4 $1 Qg6 16.
Nd5 $14 {[%csl Gd5]} Rae8 17. Rad1 {Blacks position is solid but white is the
one who has better prospects to improve his position. His longterm plan could
for instance be to drive back Ne4, and play e2-e4 to open up for the bishops.
Black on the other hand would weaken d6 seriously if he played c7-c6.} a5 18.
b3 h5 {[%cal Yh5h4,Yh4g3] Trying to find targets to attack on the kingside} 19.
h4 {[%csl Rg5] Black has achieved what he wanted with his last move. White
will now have great difficulti in playing f2-f3 and it is easier for black to
keep the position closed. However there has been a price to pay. The weakening
of g5.} Rf7 20. Kh2 Kh7 21. Bc1 Ba8 {Black can not act - only react} 22. a3 {
[%cal Yb3b4] As white can not make progress in the center she tries instead to
gain more space on the queenside.} Nf6 23. b4 axb4 24. axb4 Ng4+ 25. Kg1 Ne5 {
Black has regrouped his N from e4 to place it on e5. For two reasons. As long
as the N was on e4 the sacrifice-idea f5-f4 was never possible because of
QxNe4. Now it might be possible in some lines. Another positive thing for
black is that Ne5 attacks Pe4.} 26. Bb2 Qg4 {[%cal Rg4c4]} 27. f4 {[%cal Rf4e5]
} Nd7 {[%cal Rg4g3]} 28. Kh2 {[%cal Ye2e4]} Bxd5 {Black had to do something
drastic to stop white from open the e-line with e2-e4 after which whites to
bishops would have become extremely strong.} 29. Rxd5 Nf6 {[%csl Re4]} 30. Bxf6
$2 (30. Rxf5 $1 $18) 30... gxf6 31. e4 {So white managed to get through this
advance anyway and she has now a positional advantage.} Rg8 32. Rf3 $6 (32. Qd3
$1 $16) 32... c5 $1 {[%csl Rd4]} 33. Rfd3 (33. Qd3 $5 Nd4 34. Rxd4 cxd4 35. Bh3
fxe4 36. Qxe4+ f5 37. Qd5 Qg6 $13) 33... Nd4 $2 {A miscalculation.} (33... Nxf4
$1 34. gxf4 fxe4 $1 $132 {[%csl Rf4,Rh4][%cal Yf7g7,Yg8g1]} (34... Rfg7 35.
Rxf5 Qxg2+ 36. Qxg2 Rxg2+ 37. Kh3 $14) 35. Bxe4+ f5 36. Bg2 (36. Rxf5 Rxf5)
36... Rfg7 $13) 34. R5xd4 cxd4 35. Bh3 {Winning back the sacrified exchange
with a solid extra pawn.} Qg7 36. Bxf5+ Kh6 37. Be6 Ra7 38. Bxg8 Qxg8 39. Rxd4
Qg4 40. Qf2 Ra1 41. Rd2 Rd1 42. Kg2 Kg7 43. Qe3 Kf7 44. Qd3 Re1 45. Rf2 Rd1 46.
Rd2 Re1 47. b5 Kg7 48. Rf2 Rd1 49. Qe2 Rd4 50. Qxg4+ hxg4 51. f5 Rxc4 52. Rf4
Rc2+ 53. Kf1 Rc1+ 54. Ke2 Rb1 55. Rxg4+ Kf7 56. Rg6 d5 57. e5 fxe5 58. Re6 Rxb5
59. g4 Rb2+ 60. Kd3 Rg2 61. g5 Rg3+ 62. Ke2 e4 63. g6+ Kg7 64. h5 Kh6 65. f6
1-0

[Event "Alushta"]
[Site "Alushta"]
[Date "1993.??.??"]
[Round "?"]
[White "Dragomarezkij, Evgeni"]
[Black "Moskalenko, Viktor"]
[Result "1/2-1/2"]
[WhiteElo "2465"]
[BlackElo "2555"]
[Annotator "Hansen,LB"]
[PlyCount "118"]
[EventDate "1993.??.??"]
[EventType "tourn"]
[EventRounds "9"]
[EventCountry "UKR"]
[EventCategory "10"]
[SourceTitle "CBM 036"]
[Source "ChessBase"]
[SourceDate "1993.10.01"]
[SourceVersion "1"]
[SourceVersionDate "1993.10.01"]
[SourceQuality "1"]

1. d4 e6 2. c4 f5 3. g3 Nf6 4. Bg2 c6 5. Nh3 d5 6. Qc2 (6. b3 Bd6 7. O-O dxc4
$5 8. bxc4 e5 9. e3 Qe7 10. Qb3 Na6 11. Ba3 Bxa3 12. Nxa3 O-O 13. Ng5 Ng4 14.
f4 e4 15. Rab1 c5 $15 {Karasev,V-Moskalenko,V/Moscow/1992/}) (6. O-O Bd6 7. Bf4
Be7 8. Bg5 $5 O-O 9. Nf4 h6 10. Bxf6 Bxf6 11. e3 Qe8 12. Nd2 a5 13. Rc1 Be7 14.
Nd3 $14 {Ulibin,M-Psakhis,L/Chalkidiki/1992/}) 6... Bd6 7. O-O O-O 8. Bf4 (8.
b3 Qe7 9. Bf4 Bxf4 10. Nxf4 g5 $6 11. Nd3 Nbd7 12. Nd2 Ne4 13. Nf3 Ndf6 14.
Nfe5 Bd7 15. f3 $16 Nd6 16. Qd2 Qg7 17. Qb4 $1 Qe7 18. c5 Nb5 19. a4 a5 20. Qd2
Nc7 $8 21. Qxg5+ $18 {Morovic Fernandez,I-Ochoa de Echaguen,F/New York op/1987/
}) 8... Be7 (8... b6 9. Nd2 Bb7 (9... Ba6 10. cxd5 cxd5 11. Nf3 Ne4 12. Rfc1
Re8 13. Bxd6 Nxd6 14. Nf4 $16 {Yrjola,J-Agdestein,S/Gausdal zt/1987/}) 10. a3
Qe7 11. Rac1 Bxf4 12. Nxf4 Nbd7 13. cxd5 cxd5 14. Qa4 $14 {Farago,
I-Keitlinghaus,L/Dortmund-B/1988/}) (8... Na6 9. Nd2 Ne4 10. Rad1 Qe7 11. Nf3
Nb4 12. Qb3 Bxf4 13. Nxf4 g5 14. Nd3 Nxd3 15. exd3 $1 Nd6 16. Qb4 a5 17. Qc5
Rd8 18. Rde1 Qf6 19. Ne5 $16 {Gulko,B-Moskalenko,V/Helsinki op/1992/}) 9. Nd2 (
9. Nc3 $5 h6 10. Rad1 g5 11. Bc1 Bd7 12. f3 dxc4 13. e4 Na6 14. a3 b5 15. Nf2
Nc7 16. f4 g4 17. b3 cxb3 18. Qxb3 $44 {Gulko,B-Short,N/Reykjavik Summit/1990/}
) 9... h6 10. Bxb8 Rxb8 11. Nf4 g5 $5 $146 (11... Bd6 12. Nd3 (12. Ng6 Re8 13.
Nf3 Ne4 14. Nfe5 Qf6 15. Bxe4 dxe4 16. c5 Bxe5 17. Nxe5 Rd8 18. e3 Bd7 19. f3
$14 {Andruet,G-Dolmatov,S/Marseille/1988/}) 12... Bd7 13. Nf3 Be8 14. b4 g5 15.
a4 a6 16. Nfe5 Qe7 17. c5 Bc7 18. b5 $1 $16 {Kozul,Z-Bareev,E/Biel/1991/}) (
11... Qe8 12. e3 Bd6 13. Nd3 b6 14. Rfe1 Ne4 $1 (14... Bd7 $6 15. b4 g5 16. Nf3
Qh5 17. c5 Bc7 18. cxb6 Rxb6 19. Rab1 Rfb8 20. Nfe5 $16 {Vanheste,J-Kern,G/
Groningen op/1990/}) 15. Nf3 Ba6 $1 16. Nfe5 c5 $1 $132 {Roeder,M-Vaiser,A/
Bern op/1992/}) 12. Ng6 (12. Nd3 $5) 12... Rf7 13. Nxe7+ Qxe7 14. Rae1 $5 (14.
Rac1 $14) 14... Bd7 15. Nf3 Rg7 16. Ne5 Rf8 17. e3 $6 {Now White can only play
on the queenside after Black`s excellent answer.} (17. f3 $5 {/\e4} g4 (17...
f4 $2 18. Ng6) 18. Bh1 $5 {/\e4;/\18..ef3.19.gf3+/-}) 17... g4 $1 18. cxd5 cxd5
19. Rc1 Bb5 20. Rfe1 Nd7 $1 {Instructive.Black is not afraid of having only
his "bad" bishop left,since Bg2 is certainly not better than Bb5!} 21. Qc7 Nxe5
22. Qxe5 Qf6 $1 23. Qxf6 Rxf6 24. Rc5 a6 25. Rec1 h5 26. b3 $1 Re7 27. a4 Be2
28. R5c2 Bd3 29. Rd2 Be4 30. Bxe4 fxe4 31. b4 Rff7 32. Rdc2 Kg7 33. b5 axb5 34.
axb5 Kf6 35. Rc8 e5 $1 {Active defence.} 36. dxe5+ Kxe5 $10 37. Rh8 Rf5 38. Rd8
Re6 39. Rd7 Rb6 40. Rc5 Ke6 41. Rd8 Rd6 42. Rh8 b6 43. Rc7 d4 $1 44. exd4 Kd5
45. Rch7 Kxd4 46. Rxh5 Rc5 $2 (46... Rxh5 47. Rxh5 e3 $1 {/\e2-+} 48. fxe3+
Kxe3 49. Re5+ Kf3 50. Rf5+ (50. Kf1 $4 Rd1+ 51. Re1 Rxe1+ 52. Kxe1 Kg2 $19) (
50. Re1 Rd2 $10) 50... Ke3 $10) 47. Rh4 Rg6 48. Rd8+ Kc3 49. Re8 Kd4 50. h3 $1
$16 Rxb5 51. hxg4 Rbg5 52. Rb8 b5 53. Kg2 e3 $5 (53... Rxg4 54. Rxg4 Rxg4 55.
Rxb5 $16) (53... Kc4 54. Rh1 $1 $16) 54. fxe3+ $2 (54. Rd8+ Kc3 55. fxe3 Rxg4
56. Rxg4 Rxg4 57. Kf3 Rc4 $10) (54. f3 $6 Rc6 55. Rd8+ Kc3 56. Rh1 Kb2 $1 $132)
(54. f4 $1 e2 (54... Rc5 55. Kf3 Re6 (55... Rc2 $2 56. Rd8+ $18) 56. Rh2 $1 $16
) (54... Rxg4 55. Rxg4 Rxg4 56. Rxb5 $18 {/\Re5;Kf3+-}) 55. Re8 (55. Kf2 $6
Rxg4 56. Rxg4 Rxg4 57. Rxb5 Rxg3 $1 58. Re5 $5 (58. Kxe2 Ke4 $10) 58... Rh3 59.
Kxe2 Ra3 $10) 55... Rxg4 56. Rxg4 Rxg4 57. Kf3 Rg7 58. f5 $16) 54... Kxe3 $10
55. Kh2 Kd4 56. Kh3 Kc3 57. Rc8+ Kd4 58. Rd8+ Ke3 59. Re8+ Kf3 1/2-1/2

[Event "RUS-ch 54th"]
[Site "Elista"]
[Date "2001.05.07"]
[Round "7"]
[White "Baikov, Vladimir A"]
[Black "Diu, Viacheslav"]
[Result "1-0"]
[WhiteElo "2431"]
[BlackElo "2445"]
[Annotator "Hecht,H"]
[PlyCount "136"]
[EventDate "2001.04.29"]
[EventType "swiss"]
[EventRounds "9"]
[EventCountry "RUS"]
[SourceTitle "CBM 083"]
[Source "ChessBase"]
[SourceDate "2001.07.05"]
[SourceVersion "1"]
[SourceVersionDate "2001.07.05"]
[SourceQuality "1"]

1. d4 e6 2. c4 f5 3. g3 Nf6 4. Bg2 c6 5. Nf3 d5 6. O-O Bd6 7. b3 Qe7 8. a4 a5
9. Ba3 b6 10. Bxd6 Qxd6 11. Qc2 Na6 12. Nbd2 O-O 13. Ne5 Bb7 14. Rfd1 Rac8 15.
Qb2 Rfd8 16. Rac1 Qe7 17. cxd5 exd5 18. e3 Nb4 19. Bf1 Rf8 20. Nd3 Nxd3 21.
Bxd3 Ne4 22. Nf3 Rf6 23. Ne5 h5 24. f3 Ng5 25. f4 Nf7 26. Qe2 g6 27. Ba6 Nxe5
28. dxe5 Rff8 29. Bxb7 Qxb7 30. h3 Qe7 31. Rc3 Qe6 32. Rcd3 Rf7 33. Qf3 Rb8 34.
Rc3 Rd8 35. Rd2 c5 36. Rcd3 Rfd7 37. Qd1 Kf7 38. Kf2 Ke8 39. Ke1 d4 40. exd4
Rxd4 41. Rxd4 Rxd4 42. Rxd4 cxd4 43. Qf3 Kd7 44. Kd2 Qc6 45. Qxc6+ Kxc6 {
[#] Grober Patzer in Remisstellung} 46. Kd3 Kd5 47. e6 Kxe6 48. Kxd4 Kd6 49.
Kc4 Kc6 50. b4 axb4 51. Kxb4 Kc7 52. Kc3 Kd6 (52... Kd7 53. Kd3 Kc7 $11) 53.
Kd4 Kc6 $4 {[%mdl 20480]} (53... Ke6 $1 54. Kc4 Kd6 55. Kb5 Kc7 56. Ka6 h4 57.
gxh4 Kc6 58. h5 gxh5 59. h4 Kc5 60. Kb7 b5 61. a5 b4 62. a6 b3 63. a7 b2 64.
a8=Q b1=Q+ 65. Kc8 Kd4 $15) 54. Ke5 Kc5 55. Kf6 Kb4 56. Kxg6 Kxa4 57. Kxf5 b5
58. Kg5 b4 59. f5 b3 60. f6 b2 61. f7 b1=Q 62. f8=Q Qd1 63. Kh4 Kb3 64. Qf5 Qe2
65. Qxh5 Qe7+ 66. Qg5 Qh7+ 67. Kg4 Qe4+ 68. Qf4 Kc4 1-0